Enchantress of florence (Record no. 129876)

MARC details
000 -LEADER
fixed length control field 00488nam a2200205Ia 4500
003 - CONTROL NUMBER IDENTIFIER
control field OSt
005 - DATE AND TIME OF LATEST TRANSACTION
control field 20260121100548.0
008 - FIXED-LENGTH DATA ELEMENTS--GENERAL INFORMATION
fixed length control field 210210b2008 xxu||||| |||| 00| 0 eng d
020 ## - INTERNATIONAL STANDARD BOOK NUMBER
International Standard Book Number 9780224061636
040 ## - CATALOGING SOURCE
Transcribing agency AL
041 ## - LANGUAGE CODE
Language code of text/sound track or separate title eng
082 ## - DEWEY DECIMAL CLASSIFICATION NUMBER
Classification number 820.33 RUSE
100 ## - MAIN ENTRY--PERSONAL NAME
Personal name Salman Rushdie
9 (RLIN) 252016
245 ## - TITLE STATEMENT
Title Enchantress of florence
260 ## - PUBLICATION, DISTRIBUTION, ETC.
Place of publication, distribution, etc. London
Name of publisher, distributor, etc. Jonathan Cape
Date of publication, distribution, etc. 2008
300 ## - PHYSICAL DESCRIPTION
Extent 359
690 ## - LOCAL SUBJECT ADDED ENTRY--TOPICAL TERM (OCLC, RLIN)
Topical term or geographic name as entry element Indian English Fiction
9 (RLIN) 252017
906 ## - LOCAL DATA ELEMENT F, LDF (RLIN)
a 062807
942 ## - ADDED ENTRY ELEMENTS (KOHA)
Source of classification or shelving scheme Dewey Decimal Classification
Koha item type Book
Holdings
Withdrawn status Lost status Source of classification or shelving scheme Damaged status Not for loan Collection code Home library Current library Date acquired Source of acquisition Cost, normal purchase price Total Checkouts Full call number Barcode Date last seen Price effective from Koha item type
    Dewey Decimal Classification     English St Aloysius Library St Aloysius Library 02/17/2021 Higginbothams Private Limited 595.00   820.33 RUSE 062807 02/17/2021 02/17/2021 Book